[Event "Mittelfrank Regionalliga Sud-West 2223"]
[Site "Mittelfranken"]
[Date "2023.02.05"]
[Round "6.5"]
[White "Mai, Anton"]
[Black "Juettner, Andreas"]
[Result "1/2-1/2"]
[WhiteElo "2073"]
[BlackElo "1999"]
[PlyCount "90"]
[EventDate "2022.10.09"]
[EventType "team-tourn"]
[EventRounds "9"]
[EventCountry "GER"]
[SourceTitle "EXT 2024"]
[Source "ChessBase"]
[SourceDate "2023.10.10"]
[SourceVersion "1"]
[SourceVersionDate "2023.10.10"]
[SourceQuality "1"]
[WhiteTeam "Haar"]
[BlackTeam "Bayern Muenchen IV"]
[WhiteTeamCountry "GER"]
[BlackTeamCountry "GER"]

1. e4 e6 2. d4 d5 3. e5 c5 4. c3 Ne7 5. Nf3 Nec6 6. Bd3 Nd7 7. 0-0 Qb6 8. dxc5 Bxc5 9. b4 Be7 10. Re1 f6 11. exf6 Nxf6 12. Be3 Qc7 13. b5 Na5 14. Bd4 Nc4 15. Nbd2 0-0 16. Qe2 Nxd2 17. Qxd2 Bd6 18. Rac1 Ng4 19. c4 Bxh2+ 20. Kf1 Bf4 21. cxd5 Qxc1 22. Qxc1 Bxc1 23. Rxc1 exd5 24. Rc7 Nf6 25. Ne5 Ne8 26. Re7 Bf5 27. Be2 Nd6 28. Nc4 Ne8 29. Nd6 Bb1 30. Nxe8 Rfxe8 31. Rxg7+ Kf8 32. Rxb7 Reb8 33. Rxa7 Rxa7 34. Bxa7 Rb7 35. b6 Bxa2 36. Ke1 Bc4 37. Bxc4 dxc4 38. Kd2 Ke7 39. Kc3 Kd6 40. Kxc4 Kc6 41. Kd4 Re7 42. Kd3 h5 43. g3 Kb7 44. Kd2 Re6 45. Kd3 Re7 1/2-1/2

[Event "Regionalliga SW 0910"]
[Site "Bayern"]
[Date "2009.11.29"]
[Round "3.8"]
[White "Juettner, Andreas"]
[Black "Barth, Erik"]
[Result "1-0"]
[WhiteElo "1990"]
[BlackElo "1122"]
[PlyCount "103"]
[EventDate "2009.10.18"]
[EventType "team-tourn"]
[EventRounds "9"]
[EventCountry "GER"]
[SourceTitle "EXT 2011"]
[Source "ChessBase"]
[SourceDate "2010.11.26"]
[SourceVersion "1"]
[SourceVersionDate "2010.11.26"]
[SourceQuality "1"]
[WhiteTeam "Bayern Muenchen III"]
[BlackTeam "Tuerkheim/Bad Woerishofen"]
[WhiteTeamCountry "GER"]
[BlackTeamCountry "GER"]

1. c4 e5 2. g3 g6 3. Bg2 Bg7 4. Nc3 d6 5. d3 Ne7 6. e4 c5 7. Nge2 Nbc6 8. 0-0 Bg4 9. f3 Bd7 10. a3 a6 11. Rb1 0-0 12. b4 cxb4 13. axb4 Qb6+ 14. Kh1 Nxb4 15. Ba3 a5 16. Na2 Qc7 17. Nxb4 axb4 18. Bxb4 Rfd8 19. Nc3 f6 20. Qb3 Be6 21. Ra1 Rxa1 22. Rxa1 b6 23. Nb5 Qb8 24. Qa3 Bf8 25. Bxd6 Qb7 26. Nc7 Kf7 27. f4 exf4 28. Bxf4 Nd5 29. Nxe6 Kxe6 30. exd5+ Kf7 31. Qa7 Qxa7 32. Rxa7+ Kg8 33. Bh3 f5 34. g4 Re8 35. gxf5 gxf5 36. Bxf5 Re7 37. Be6+ Kg7 38. Ra8 h5 39. Be5+ Kg6 40. Rxf8 h4 41. Rg8+ Kh7 42. Rh8+ Kg6 43. Rxh4 Kg5 44. Rg4+ Kh5 45. Rg8 Kh6 46. Bf6 Rb7 47. Bf5 Rh7 48. Bxh7 Kxh7 49. Rg7+ Kh6 50. d4 Kh5 51. d6 Kh6 52. d7 1-0

[Event "Regionalliga SW 0910"]
[Site "Bayern"]
[Date "2009.10.18"]
[Round "1.7"]
[White "Stadler, Wolfgang"]
[Black "Juettner, Andreas"]
[Result "1/2-1/2"]
[WhiteElo "1940"]
[BlackElo "1990"]
[PlyCount "119"]
[EventDate "2009.10.18"]
[EventType "team-tourn"]
[EventRounds "9"]
[EventCountry "GER"]
[SourceTitle "EXT 2011"]
[Source "ChessBase"]
[SourceDate "2010.11.26"]
[SourceVersion "1"]
[SourceVersionDate "2010.11.26"]
[SourceQuality "1"]
[WhiteTeam "Muenchen Suedost"]
[BlackTeam "Bayern Muenchen III"]
[WhiteTeamCountry "GER"]
[BlackTeamCountry "GER"]

1. e4 e6 2. d4 d5 3. Nc3 Bb4 4. exd5 exd5 5. Bd3 Nc6 6. a3 Bxc3+ 7. bxc3 Nge7 8. Qh5 Be6 9. Rb1 Na5 10. Ne2 Qd7 11. 0-0 Bf5 12. Ng3 Bg6 13. Qd1 0-0 14. f4 Bxd3 15. cxd3 f5 16. Bd2 b6 17. Kh1 Rfe8 18. Ne2 Nb7 19. Ng1 Qd6 20. Ra1 c5 21. Nf3 Nc6 22. Qa4 Nba5 23. Rae1 c4 24. dxc4 Nxc4 25. Bc1 Rxe1 26. Rxe1 a6 27. Ne5 b5 28. Qc2 g6 29. a4 N6a5 30. g3 Rc8 31. axb5 axb5 32. Nd3 Qd7 33. Nc5 Qa7 34. Qe2 Qf7 35. Nd3 Nd6 36. Ne5 Qb7 37. Ba3 Ne4 38. Bb4 Nc4 39. Rc1 Ra8 40. Nd3 Qa6 41. Nc5 Qa2 42. Qxa2 Rxa2 43. Nxe4 fxe4 44. Rg1 e3 45. Re1 Kf7 46. Kg1 h5 47. h3 Kf6 48. g4 Rb2 49. Ra1 hxg4 50. hxg4 Kf7 51. Ra7+ Ke8 52. f5 gxf5 53. gxf5 Rf2 54. Re7+ Kd8 55. Rxe3 Rxf5 56. Rh3 Nd2 57. Rh8+ Kd7 58. Rh7+ Kc6 59. Rh6+ Kc7 60. Rh7+ 1/2-1/2

[Event "Stuttgart-chA int"]
[Site "Gerlingen"]
[Date "2007.05.19"]
[Round "5"]
[White "Vogel, Johannes"]
[Black "Juettner, Andreas"]
[Result "1-0"]
[WhiteElo "1983"]
[BlackElo "2113"]
[PlyCount "63"]
[EventDate "2007.05.17"]
[EventType "swiss"]
[EventRounds "7"]
[EventCountry "GER"]
[SourceTitle "EXT 2018"]
[Source "ChessBase"]
[SourceDate "2017.10.13"]
[SourceVersion "1"]
[SourceVersionDate "2017.10.13"]
[SourceQuality "1"]

1. e4 e6 2. Nf3 d5 3. e5 c5 4. b4 c4 5. c3 a5 6. b5 a4 7. d3 cxd3 8. Bxd3 Bc5 9. 0-0 f5 10. Ng5 Qc7 11. Qh5+ g6 12. Qe2 h6 13. Nf3 Nd7 14. Be3 Ne7 15. Rc1 Nb6 16. Nbd2 Bxe3 17. Qxe3 Bd7 18. c4 dxc4 19. Bxc4 Nxc4 20. Nxc4 Nd5 21. Qd2 Kf8 22. Ne3 Qa5 23. Qxa5 Rxa5 24. Nxd5 exd5 25. Nd4 b6 26. Rc7 Bxb5 27. Rb1 Bc4 28. Rxb6 Ra8 29. Rbb7 Ke8 30. Re7+ Kd8 31. Rbd7+ Kc8 32. Rc7+ 1-0

[Event "Stuttgart-chA int"]
[Site "Gerlingen"]
[Date "2007.05.18"]
[Round "4"]
[White "Juettner, Andreas"]
[Black "Sarchisov, Slavik"]
[Result "0-1"]
[WhiteElo "2113"]
[BlackElo "1746"]
[PlyCount "94"]
[EventDate "2007.05.17"]
[EventType "swiss"]
[EventRounds "7"]
[EventCountry "GER"]
[SourceTitle "EXT 2018"]
[Source "ChessBase"]
[SourceDate "2017.10.13"]
[SourceVersion "1"]
[SourceVersionDate "2017.10.13"]
[SourceQuality "1"]

1. d4 d6 2. Bg5 g6 3. e4 Bg7 4. Be2 h6 5. Be3 Nf6 6. Nc3 0-0 7. h3 Nbd7 8. Qd2 Kh7 9. f4 e5 10. dxe5 dxe5 11. f5 b6 12. g4 Bb7 13. Bf3 gxf5 14. gxf5 Qe7 15. Qf2 b5 16. 0-0-0 b4 17. Nd5 Bxd5 18. exd5 e4 19. Bg4 Rfd8 20. Ne2 Nb6 21. Bc5 Qe8 22. d6 cxd6 23. Rxd6 Rxd6 24. Bxd6 Nc4 25. Qc5 Nxd6 26. Qxd6 Qa4 27. Kb1 Rc8 28. Nd4 Ne8 29. Qd5 Bxd4 30. b3 Qc6 31. Qxd4 Qxc2+ 32. Ka1 Qc3+ 33. Qxc3 Rxc3 34. Re1 Nf6 35. Kb2 Kg7 36. a3 a5 37. axb4 axb4 38. Rg1 Kf8 39. Ra1 h5 40. Be2 Rxh3 41. Ra8+ Ke7 42. Bc4 Rh2+ 43. Kc1 h4 44. Ra7+ Kd6 45. Bxf7 h3 46. Ra6+ Ke5 47. Bg6 Rg2 0-1

[Event "Oberliga Bayern 0607"]
[Site "Bayern"]
[Date "2007.03.18"]
[Round "7.5"]
[White "Juettner, Andreas"]
[Black "Kirchner, Thomas"]
[Result "0-1"]
[WhiteElo "1965"]
[BlackElo "2256"]
[PlyCount "80"]
[EventDate "2006.10.15"]
[EventType "team-tourn"]
[EventRounds "9"]
[EventCountry "GER"]
[SourceTitle "EXT 2008"]
[Source "ChessBase"]
[SourceDate "2007.11.25"]
[SourceVersion "1"]
[SourceVersionDate "2007.11.25"]
[SourceQuality "1"]
[WhiteTeam "Muenchen 36"]
[BlackTeam "Nuernberg NT"]
[WhiteTeamCountry "GER"]
[BlackTeamCountry "GER"]

1. d4 Nf6 2. Bg5 d5 3. Bxf6 gxf6 4. e3 e6 5. c4 c6 6. Nc3 f5 7. Nf3 Nd7 8. Bd3 Bd6 9. cxd5 cxd5 10. Rc1 a6 11. a3 0-0 12. 0-0 Kh8 13. Ne2 Qf6 14. Nf4 Qh6 15. g3 Nf6 16. Kg2 Rg8 17. Be2 Bd7 18. Nd3 Ne4 19. Nfe5 Be8 20. f4 f6 21. Nf3 Bh5 22. Nc5 Bxc5 23. dxc5 Bg4 24. Ng1 Rac8 25. b4 Qh5 26. Bxg4 fxg4 27. f5 Rcd8 28. Ne2 Qh3+ 29. Kg1 e5 30. Qe1 Rg5 31. Nc3 Rh5 32. Qe2 Nxg3 33. hxg3 Qh1+ 34. Kf2 Rh2+ 35. Ke1 Rxe2+ 36. Nxe2 Qe4 37. Kd2 d4 38. exd4 exd4 39. Rc4 Qe3+ 40. Kd1 Qd3+ 0-1

[Event "Oberliga Bayern 0607"]
[Site "Bayern"]
[Date "2007.02.25"]
[Round "6.8"]
[White "Juettner, Andreas"]
[Black "Stocker, Rupert"]
[Result "1/2-1/2"]
[WhiteElo "1962"]
[BlackElo "2078"]
[PlyCount "136"]
[EventDate "2006.10.15"]
[EventType "team-tourn"]
[EventRounds "9"]
[EventCountry "GER"]
[SourceTitle "EXT 2008"]
[Source "ChessBase"]
[SourceDate "2007.11.25"]
[SourceVersion "1"]
[SourceVersionDate "2007.11.25"]
[SourceQuality "1"]
[WhiteTeam "Muenchen 36"]
[BlackTeam "Groebenzell"]
[WhiteTeamCountry "GER"]
[BlackTeamCountry "GER"]

1. d4 e6 2. c4 d5 3. Nf3 c5 4. cxd5 exd5 5. Nc3 Nc6 6. g3 Nf6 7. Bg2 Be7 8. 0-0 0-0 9. Bg5 cxd4 10. Nxd4 h6 11. Be3 Re8 12. Rc1 Bg4 13. h3 Be6 14. Nxc6 bxc6 15. Na4 Qd7 16. Kh2 Rac8 17. a3 Bf5 18. Nc5 Bxc5 19. Bxc5 Ne4 20. e3 Ng5 21. h4 Ne4 22. Qd4 Rc7 23. b4 Nf6 24. Qb2 Ng4+ 25. Kg1 Ne5 26. Qc3 Bh3 27. Qd4 Bxg2 28. Kxg2 Nc4 29. Rc3 Re4 30. Qd1 Qf5 31. f3 Re8 32. Qd3 Qe6 33. Re1 Ra8 34. Re2 Rcc8 35. e4 Re8 36. Rcc2 Ne5 37. exd5 cxd5 38. Qd4 Qf6 39. f4 Nc4 40. Qxd5 Nxa3 41. Ra2 Nb5 42. Rxe8+ Rxe8 43. Qd7 Qe6 44. Qxe6 Rxe6 45. Bxa7 Nxa7 46. Rxa7 Re2+ 47. Kf3 Rb2 48. Rb7 f5 49. Ke3 Rb3+ 50. Kd4 Rxg3 51. Ke5 Rh3 52. Kxf5 Rxh4 53. b5 Rh1 54. b6 Rb1 55. Ke6 h5 56. Kf5 h4 57. Kg4 Rb4 58. Kg5 Kh7 59. Kg4 h3 60. Kxh3 Rxf4 61. Rc7 Rb4 62. b7 Kg6 63. Kg3 Kf6 64. Kf3 Ke6 65. Rxg7 Kd6 66. Ke3 Kc6 67. Kd3 Rxb7 68. Rxb7 Kxb7 1/2-1/2

[Event "Oberliga Bayern 0607"]
[Site "Bayern"]
[Date "2006.10.29"]
[Round "2.8"]
[White "Ludsteck, Volker Hans"]
[Black "Juettner, Andreas"]
[Result "0-1"]
[WhiteElo "1826"]
[BlackElo "1997"]
[PlyCount "84"]
[EventDate "2006.10.15"]
[EventType "team-tourn"]
[EventRounds "9"]
[EventCountry "GER"]
[SourceTitle "EXT 2008"]
[Source "ChessBase"]
[SourceDate "2007.11.25"]
[SourceVersion "1"]
[SourceVersionDate "2007.11.25"]
[SourceQuality "1"]
[WhiteTeam "Pasing"]
[BlackTeam "Muenchen 36"]
[WhiteTeamCountry "GER"]
[BlackTeamCountry "GER"]

1. e4 e6 2. d3 d5 3. Qe2 Nf6 4. Nf3 Be7 5. g3 b6 6. e5 Nfd7 7. Bg2 c5 8. c4 Bb7 9. 0-0 0-0 10. h4 Qc7 11. Bf4 a6 12. Nc3 dxc4 13. dxc4 Nc6 14. Nd5 Qc8 15. Nc3 Nd4 16. Qd1 Qc6 17. Ne1 Qc7 18. Nd3 b5 19. cxb5 axb5 20. Re1 Rfd8 21. Ne4 Qb6 22. b3 Bd5 23. Be3 Nf5 24. Qc1 Rac8 25. Qb2 Qc6 26. Bd2 Qa8 27. Nf4 Bb7 28. Rad1 Nb6 29. Kh2 Rd4 30. Nc3 b4 31. Nb5 Rdd8 32. Bc1 Nd5 33. Nxd5 Bxd5 34. Bxd5 Rxd5 35. a4 bxa3 36. Nxa3 Rcd8 37. Rxd5 Qxd5 38. Nc4 Nd4 39. Kh3 Nf3 40. Rf1 Qe4 41. Nd2 Nxd2 42. Bxd2 Qe2 0-1

[Event "Oberliga Bayern 0607"]
[Site "Bayern"]
[Date "2006.10.15"]
[Round "1.7"]
[White "Ruettinger, Johannes"]
[Black "Juettner, Andreas"]
[Result "1-0"]
[WhiteElo "2198"]
[BlackElo "1997"]
[PlyCount "107"]
[EventDate "2006.10.15"]
[EventType "team-tourn"]
[EventRounds "9"]
[EventCountry "GER"]
[SourceTitle "EXT 2008"]
[Source "ChessBase"]
[SourceDate "2007.11.25"]
[SourceVersion "1"]
[SourceVersionDate "2007.11.25"]
[SourceQuality "1"]
[WhiteTeam "Bindlach II"]
[BlackTeam "Muenchen 36"]
[WhiteTeamCountry "GER"]
[BlackTeamCountry "GER"]

1. c4 c6 2. g3 d5 3. Bg2 Nf6 4. Nf3 Bf5 5. cxd5 cxd5 6. Qb3 Qb6 7. Qxb6 axb6 8. Nc3 Bd7 9. 0-0 e6 10. d3 Bc5 11. e4 Bc6 12. e5 Nfd7 13. d4 Be7 14. Bg5 Na6 15. a3 Nc7 16. Rac1 Bf8 17. Ne1 h6 18. Be3 b5 19. Nc2 Na6 20. f4 g6 21. g4 b4 22. axb4 Nxb4 23. f5 Nxc2 24. Rxc2 Be7 25. Rcf2 Nb6 26. Bc1 Na4 27. Nxa4 Rxa4 28. Be3 h5 29. fxe6 fxe6 30. gxh5 gxh5 31. Bh3 Rg8+ 32. Rg2 Rxg2+ 33. Kxg2 Bb5 34. Rf2 Bh4 35. Rd2 Kd7 36. Kf3 Ra1 37. Rg2 Rf1+ 38. Bf2 Rxf2+ 39. Rxf2 Bxf2 40. Kxf2 Ke7 41. Kg3 Kf7 42. Kh4 Be2 43. Kg5 Bd1 44. Bf1 Kg7 45. h4 Kf7 46. Bd3 Kg7 47. Bg6 b5 48. Bxh5 Bc2 49. Be8 b4 50. h5 Bd3 51. Bg6 Bb5 52. h6+ Kh8 53. Kf6 Bd7 54. Bf7 1-0

[Event "Seebach op 16th"]
[Site "Grossenseebach"]
[Date "2005.05.27"]
[Round "3"]
[White "Justi, Fabian"]
[Black "Juettner, Andreas"]
[Result "0-1"]
[WhiteElo "1312"]
[BlackElo "2118"]
[PlyCount "94"]
[EventDate "2005.05.26"]
[EventType "swiss"]
[EventRounds "7"]
[EventCountry "GER"]
[SourceTitle "EXT 2018"]
[Source "ChessBase"]
[SourceDate "2017.10.13"]
[SourceVersion "1"]
[SourceVersionDate "2017.10.13"]
[SourceQuality "1"]

1. e4 e6 2. d4 d5 3. e5 c5 4. c3 Nc6 5. Be3 Qb6 6. Qd2 cxd4 7. cxd4 Bb4 8. Nc3 Na5 9. Qd3 Bd7 10. Nf3 Rc8 11. Bd2 Nc4 12. Qc2 Ne7 13. a3 Nxd2 14. Qxd2 Qa5 15. Rc1 Bxc3 16. Rxc3 Rxc3 17. Qxc3 Qxc3+ 18. bxc3 Ba4 19. Bd3 h6 20. Nd2 Nc6 21. 0-0 Kd7 22. Rb1 Kc7 23. Nb3 b6 24. f4 g6 25. g3 Bxb3 26. Rxb3 Kb7 27. Kf2 Rc8 28. Rb1 Na5 29. Rc1 Nc4 30. Bxc4 Rxc4 31. Ke3 Ka6 32. Kd3 Ra4 33. Ra1 Kb5 34. Rb1+ Kc6 35. Ra1 Ra5 36. a4 Kc7 37. c4 dxc4+ 38. Kxc4 b5+ 39. Kb4 Rxa4+ 40. Rxa4 bxa4 41. Kxa4 Kc6 42. Ka5 Kd5 43. Ka6 Kxd4 44. Kxa7 g5 45. fxg5 hxg5 46. h4 gxh4 47. gxh4 Kxe5 0-1

[Event "Stuttgart-chA int"]
[Site "Ditzingen"]
[Date "2005.05.07"]
[Round "6"]
[White "Juettner, Andreas"]
[Black "Eisele, Steffen"]
[Result "1-0"]
[WhiteElo "2118"]
[BlackElo "2214"]
[PlyCount "53"]
[EventDate "2005.05.05"]
[EventType "swiss"]
[EventRounds "7"]
[EventCountry "GER"]
[SourceTitle "EXT 2018"]
[Source "ChessBase"]
[SourceDate "2017.10.13"]
[SourceVersion "1"]
[SourceVersionDate "2017.10.13"]
[SourceQuality "1"]

1. d4 d5 2. c4 Nc6 3. Nf3 Bg4 4. Nc3 Bxf3 5. exf3 dxc4 6. d5 Ne5 7. Bf4 Ng6 8. Bxc4 Nf6 9. Bg3 Nd7 10. 0-0 a6 11. Re1 Nb6 12. Bb3 h5 13. h4 Qd7 14. Ne4 e5 15. dxe6 fxe6 16. Bxe6 Qxd1 17. Raxd1 Bb4 18. Re2 Rd8 19. Rxd8+ Kxd8 20. a3 Bd6 21. Bxd6 cxd6 22. Nxd6 Kc7 23. Nf5 Rd8 24. g3 Rd1+ 25. Kg2 Nd5 26. Bxd5 Rxd5 27. Nxg7 1-0

[Event "Munich-ch VM2"]
[Site "Munich"]
[Date "2005.02.25"]
[Round "7"]
[White "Juettner, Andreas"]
[Black "Biberger, Hans"]
[Result "1-0"]
[WhiteElo "2108"]
[BlackElo "2032"]
[PlyCount "55"]
[EventDate "2005.01.21"]
[EventType "tourn"]
[EventRounds "9"]
[EventCountry "GER"]
[SourceTitle "EXT 2007"]
[Source "ChessBase"]
[SourceDate "2006.11.23"]
[SourceVersion "1"]
[SourceVersionDate "2006.11.23"]
[SourceQuality "1"]

1. d4 Nf6 2. Bg5 e6 3. e4 h6 4. Bxf6 Qxf6 5. Nc3 a6 6. Qd2 c5 7. e5 Qd8 8. d5 exd5 9. Qxd5 Nc6 10. 0-0-0 Nb4 11. Qe4 Be7 12. a3 Nc6 13. f4 b5 14. f5 b4 15. axb4 cxb4 16. Nd5 Bc5 17. Nf6+ gxf6 18. exf6+ Be7 19. Bc4 Kf8 20. Qd5 Rh7 21. fxe7+ Qxe7 22. Nf3 Rb8 23. Rhe1 Qf6 24. Qc5+ Kg7 25. Re8 Rh8 26. Rxh8 Kxh8 27. Qf8+ Kh7 28. Bxf7 1-0

[Event "Munich-ch VM2"]
[Site "Munich"]
[Date "2005.02.20"]
[Round "6"]
[White "Karrer, Werner"]
[Black "Juettner, Andreas"]
[Result "0-1"]
[WhiteElo "2090"]
[BlackElo "2108"]
[PlyCount "130"]
[EventDate "2005.01.21"]
[EventType "tourn"]
[EventRounds "9"]
[EventCountry "GER"]
[SourceTitle "EXT 2007"]
[Source "ChessBase"]
[SourceDate "2006.11.23"]
[SourceVersion "1"]
[SourceVersionDate "2006.11.23"]
[SourceQuality "1"]

1. e4 e6 2. d4 d5 3. e5 c5 4. c3 Nc6 5. Nf3 Bd7 6. Be2 Nge7 7. dxc5 Ng6 8. Be3 Ncxe5 9. Nxe5 Nxe5 10. f4 Ng6 11. 0-0 Qc7 12. Qd4 Be7 13. Qxg7 Bxc5 14. Bxc5 Qxc5+ 15. Qd4 Qxd4+ 16. cxd4 Ne7 17. Bd3 Nc6 18. Nc3 Nxd4 19. Rae1 0-0 20. f5 Nxf5 21. Bxf5 exf5 22. Nxd5 Be6 23. Nc7 Rac8 24. Nxe6 fxe6 25. Rxe6 Rc2 26. Rf2 Rc1+ 27. Rf1 Rfc8 28. Rxc1 Rxc1+ 29. Kf2 Kf7 30. Re2 Ra1 31. a3 Rh1 32. h3 Rd1 33. Rc2 Ke6 34. Ke2 Rd7 35. Rc8 Ke5 36. Re8+ Kd4 37. Re3 Rg7 38. Rd3+ Ke5 39. Re3+ Kf6 40. Kf3 h5 41. Re8 h4 42. Rf8+ Ke5 43. Re8+ Kf6 44. Rf8+ Kg5 45. Rd8 Rc7 46. Rd2 Re7 47. Rd4 b6 48. Ra4 a5 49. Rd4 Re6 50. Rd3 Re5 51. Rb3 b5 52. Re3 Rd5 53. Rb3 Kf6 54. Ke3 Ke5 55. Rd3 Rxd3+ 56. Kxd3 Kf4 57. Ke2 Kg3 58. Kf1 a4 59. Kg1 f4 60. Kf1 f3 61. gxf3 Kxf3 62. Ke1 Kg3 63. Ke2 Kxh3 64. Kf3 Kh2 65. Kf2 h3 0-1

[Event "Munich-ch VM2"]
[Site "Munich"]
[Date "2005.02.19"]
[Round "5"]
[White "Juettner, Andreas"]
[Black "Dichmann, Arno"]
[Result "0-1"]
[WhiteElo "2108"]
[BlackElo "2109"]
[PlyCount "116"]
[EventDate "2005.01.21"]
[EventType "tourn"]
[EventRounds "9"]
[EventCountry "GER"]
[SourceTitle "EXT 2007"]
[Source "ChessBase"]
[SourceDate "2006.11.23"]
[SourceVersion "1"]
[SourceVersionDate "2006.11.23"]
[SourceQuality "1"]

1. d4 d5 2. c4 e6 3. Nc3 Nf6 4. Bg5 Be7 5. Nf3 0-0 6. e3 Nbd7 7. Rc1 c6 8. Bd3 Re8 9. 0-0 Nf8 10. Ne5 N6d7 11. Bxe7 Qxe7 12. f4 f6 13. Nxd7 Qxd7 14. Qf3 Qd6 15. c5 Qc7 16. e4 f5 17. e5 g6 18. g4 Re7 19. gxf5 exf5 20. b4 Ne6 21. Qf2 Bd7 22. Qb2 a6 23. Na4 Rf8 24. Nb6 Be8 25. a4 Rg7 26. Kh1 Qd8 27. Qf2 Kh8 28. Rg1 Rfg8 29. b5 axb5 30. axb5 cxb5 31. Ra1 Bc6 32. Ra8 Qe7 33. Rga1 Nc7 34. Rc8 Rf7 35. Rxg8+ Kxg8 36. Nc8 Qd7 37. Nd6 Rf8 38. Rb1 Ra8 39. Bxf5 gxf5 40. Rg1+ Kh8 41. Qh4 Rf8 42. Rg6 Ne6 43. Qh6 Ng7 44. e6 Qe7 45. Nf7+ Rxf7 46. exf7 Qxf7 47. Rg3 Qc7 48. Rh3 Ne8 49. Re3 Qg7 50. Qh5 Qg6 51. Qe2 Ng7 52. Re7 Qf6 53. Re5 h6 54. Qe3 b4 55. Qh3 Kh7 56. Qb3 Qh4 57. Qxb4 Qxf4 58. Re7 Qf1# 0-1

[Event "Munich-ch VM2"]
[Site "Munich"]
[Date "2005.02.18"]
[Round "4"]
[White "Hoennekes, Klaus"]
[Black "Juettner, Andreas"]
[Result "1-0"]
[WhiteElo "2077"]
[BlackElo "2108"]
[PlyCount "100"]
[EventDate "2005.01.21"]
[EventType "tourn"]
[EventRounds "9"]
[EventCountry "GER"]
[SourceTitle "EXT 2007"]
[Source "ChessBase"]
[SourceDate "2006.11.23"]
[SourceVersion "1"]
[SourceVersionDate "2006.11.23"]
[SourceQuality "1"]

1. e4 e6 2. d4 d5 3. Nc3 Bb4 4. e5 Ne7 5. a3 Bxc3+ 6. bxc3 c5 7. f4 Nbc6 8. Nf3 Qa5 9. Bd2 Bd7 10. Rb1 Qc7 11. dxc5 f6 12. exf6 gxf6 13. Nd4 Na5 14. Qh5+ Ng6 15. Bd3 0-0-0 16. 0-0 e5 17. Nb3 Nxb3 18. Rxb3 Qxc5+ 19. Kh1 e4 20. Be2 e3 21. Be1 Ba4 22. Qf5+ Kb8 23. Rb4 Bc6 24. Qxf6 Rhf8 25. Qd4 Qxd4 26. Rxd4 Ne7 27. g4 Rde8 28. Bg3 Kc8 29. f5 Ng8 30. Kg1 Nf6 31. g5 Ne4 32. Bf4 Nxc3 33. Bg4 Nb5 34. f6+ Kd8 35. Rd3 e2 36. Re1 Re4 37. Rf3 Nd4 38. Rf2 Bb5 39. c3 Nc2 40. Rexe2 Bxe2 41. Bxe2 Kd7 42. Bd3 Nxa3 43. Bxe4 dxe4 44. Be3 Rf7 45. h4 a6 46. h5 Ke6 47. Bd4 Nb5 48. g6 hxg6 49. hxg6 e3 50. Rf3 Nxd4 1-0

[Event "Munich-ch VM2"]
[Site "Munich"]
[Date "2005.01.23"]
[Round "3"]
[White "Juettner, Andreas"]
[Black "Krklec, Daniel"]
[Result "1-0"]
[WhiteElo "2108"]
[BlackElo "2176"]
[PlyCount "111"]
[EventDate "2005.01.21"]
[EventType "tourn"]
[EventRounds "9"]
[EventCountry "GER"]
[SourceTitle "EXT 2007"]
[Source "ChessBase"]
[SourceDate "2006.11.23"]
[SourceVersion "1"]
[SourceVersionDate "2006.11.23"]
[SourceQuality "1"]

1. c4 Nc6 2. Nc3 e5 3. g3 f5 4. Bg2 Nf6 5. d3 Bb4 6. Bd2 0-0 7. Nf3 d6 8. 0-0 Bd7 9. a3 Bxc3 10. Bxc3 Qe8 11. b4 Qh5 12. b5 Nd8 13. e3 f4 14. Nd2 Bg4 15. f3 fxg3 16. hxg3 Bh3 17. Qe2 Ne6 18. Rae1 Rae8 19. Nb3 Bxg2 20. Qxg2 Qg6 21. Rd1 Nh5 22. g4 Nf6 23. Na5 Nc5 24. Qe2 h5 25. Rf2 hxg4 26. Rg2 gxf3 27. Qxf3 Qh5 28. Qxh5 Nxh5 29. Bb4 b6 30. Nc6 Rf3 31. Rg5 Nf6 32. Bxc5 bxc5 33. Rf1 Rxf1+ 34. Kxf1 Ra8 35. a4 Kf7 36. Rg2 e4 37. dxe4 Nxe4 38. a5 Kf6 39. Ke2 g6 40. Kd3 Ng5 41. Rf2+ Kg7 42. Rg2 Nf7 43. Rg1 Re8 44. Nxa7 Ne5+ 45. Kc3 Nf3 46. Rd1 g5 47. Nc6 g4 48. Kd3 Kg6 49. Ke2 Ne5 50. Nxe5+ Rxe5 51. b6 cxb6 52. axb6 Re8 53. Rxd6+ Kh5 54. Rd5+ Kh4 55. Rxc5 g3 56. Kf3 1-0

[Event "Nittenau-ch 04th"]
[Site "Nittenau"]
[Date "2004.08.28"]
[Round "5"]
[White "Bodenschatz, Josef"]
[Black "Juettner, Andreas"]
[Result "1/2-1/2"]
[WhiteElo "1842"]
[BlackElo "2039"]
[PlyCount "101"]
[EventDate "2004.08.27"]
[EventType "swiss"]
[EventRounds "5"]
[EventCountry "GER"]
[SourceTitle "EXT 2022"]
[Source "ChessBase"]
[SourceDate "2021.10.06"]
[SourceVersion "1"]
[SourceVersionDate "2021.10.06"]
[SourceQuality "1"]

1. e4 e6 2. d3 d5 3. Nc3 Nf6 4. Bd2 Bc5 5. Be2 0-0 6. Bf3 a6 7. Nge2 Nc6 8. 0-0 Ne5 9. Ng3 b5 10. exd5 exd5 11. Bg5 c6 12. Nh5 Be7 13. Nxf6+ Bxf6 14. Bxf6 Qxf6 15. Be2 Re8 16. d4 Ng6 17. Re1 Bd7 18. Qd2 Re6 19. Bh5 Nf4 20. Rxe6 Bxe6 21. Bf3 Nh3+ 22. Kh1 Ng5 23. Be2 Bf5 24. Re1 Ne6 25. Rd1 Bg6 26. Bg4 Re8 27. Re1 Kf8 28. Bxe6 Rxe6 29. Rxe6 Qxe6 30. Ne2 Qe4 31. c3 Bh5 32. f3 Qb1+ 33. Nc1 Bg6 34. Kg1 a5 35. Kf2 a4 36. a3 f6 37. Ne2 h6 38. Nf4 Bc2 39. Qe2 Qxb2 40. Ng6+ Kf7 41. Nh8+ Kg8 42. Ng6 h5 43. Kg3 Qxc3 44. Qe8+ Kh7 45. Nf4 Qxa3 46. Qxh5+ Kg8 47. Qe8+ Qf8 48. Qe6+ Qf7 49. Qc8+ Kh7 50. Qh3+ Kg8 51. Qc8+ 1/2-1/2

[Event "Seebach op 15th"]
[Site "Grossenseebach"]
[Date "2004.06.17"]
[Round "5"]
[White "Juettner, Andreas"]
[Black "Urytskyy, Michael"]
[Result "0-1"]
[WhiteElo "2072"]
[BlackElo "2299"]
[PlyCount "64"]
[EventDate "2004.06.17"]
[EventType "swiss"]
[EventRounds "7"]
[EventCountry "GER"]
[SourceTitle "EXT 2018"]
[Source "ChessBase"]
[SourceDate "2017.10.13"]
[SourceVersion "1"]
[SourceVersionDate "2017.10.13"]
[SourceQuality "1"]

1. c4 Nf6 2. g3 c5 3. Bg2 g6 4. Nc3 Bg7 5. a3 Nc6 6. Rb1 d6 7. b4 Bf5 8. d3 0-0 9. bxc5 Nd7 10. Na4 Nxc5 11. Nxc5 dxc5 12. Rxb7 Na5 13. Rb5 a6 14. Rb1 Nxc4 15. e4 Bc3+ 16. Kf1 Be6 17. Qc2 Qa5 18. dxc4 Bxc4+ 19. Ne2 Rfd8 20. Bf3 Bd3 21. Qb3 c4 22. Qb7 Bxb1 23. Qxb1 Rd1+ 24. Kg2 Rxh1 25. Kxh1 Bd2 26. e5 Rd8 27. e6 fxe6 28. Bxd2 Rxd2 29. Nf4 Rxf2 30. Bg4 Qd2 31. Qb8+ Kg7 32. Nxe6+ Kh6 0-1